Carregant...
Towards freedom documents on the movement for Independence in India 1945 /
| Format: | Printed Book |
|---|---|
| Publicat: |
New Delhi:
OUP,
2008.
|
| Matèries: |
| LEADER | 00527cam a2200157ua 4500 | ||
|---|---|---|---|
| 008 | 110319t2008||||||||||| 00 ||||| c | ||
| 082 | |a 954.035 9 |b TOW | ||
| 245 | 0 | 0 | |a Towards freedom documents on the movement for Independence in India 1945 / |
| 260 | |a New Delhi: |b OUP, |c 2008. | ||
| 300 | |a 1081p.. | ||
| 362 | 1 | |a 2008. | |
| 650 | |a India-History | ||
| 650 | 0 | |a History | |
| 942 | |c REF | ||
| 999 | |c 25214 |d 25214 | ||
| 952 | |0 0 |1 0 |4 0 |6 954_035000000000000_9_TO |7 0 |9 26833 |a KUCL |b KUCL |d 2014-05-23 |l 0 |o 954.035 9 TO |p 25756 |r 2017-03-09 |w 2014-05-23 |y REF | ||